Methods and materials of residential construction (Record no. 51038)

MARC details
000 -LEADER
fixed length control field 00617nam a2200169 a 4500
008 - FIXED-LENGTH DATA ELEMENTS--GENERAL INFORMATION
fixed length control field 060316s1985 ||||||||||||||||| || u
020 ## - INTERNATIONAL STANDARD BOOK NUMBER
International Standard Book Number 0135788811
050 ## - LIBRARY OF CONGRESS CALL NUMBER
Classification number TH 4811 Rus
100 ## - MAIN ENTRY--PERSONAL NAME
Personal name Russel, James E
245 10 - TITLE STATEMENT
Title Methods and materials of residential construction
260 ## - PUBLICATION, DISTRIBUTION, ETC.
Place of publication, distribution, etc. Englewood Cliffs :
Name of publisher, distributor, etc. Prentice-Hall
Date of publication, distribution, etc. 1985
300 ## - PHYSICAL DESCRIPTION
Extent ix, 310 p. : ill.
350 ## - PRICE (NR) (BK AM CF MU VM SE) [OBSOLETE]
Price 0.00
650 ## - SUBJECT ADDED ENTRY--TOPICAL TERM
Topical term or geographic name entry element HOUSE CONSTRUCTION
650 ## - SUBJECT ADDED ENTRY--TOPICAL TERM
Topical term or geographic name entry element BUILDING MATERIALS
995 ## - RECOMMENDATION 995 [LOCAL, UNIMARC FRANCE]
-- 0.00
-- CBU-MAIN LIBRARY (Kitwe)
-- 1
-- 0.00
-- 1
-- AVAILABLE
-- Jul 10, 2006
-- Annex Low-Usage Collection
Holdings
Withdrawn status Lost status Source of classification or shelving scheme Damaged status Not for loan Home library Current library Shelving location Date acquired Total Checkouts Full call number Barcode Date last seen Price effective from Koha item type
          CBU-MAIN LIBRARY, KITWE. CBU-MAIN LIBRARY, KITWE.   11/30/2022   TH 4811 Rus 015358 11/30/2022 11/30/2022 MONOGRAPH